000 00635nam a2200229Ia 4500
003 OSt
005 20221007071749.0
006 a|||||r|||| 00| 0
007 ta
008 221006b |||||||| |||| 00| 0 eng d
024 _a14,269
037 _cTextual
040 _aFLL
_cFLL
_beng
041 _2eng
_aeng
082 _aX:517:Z3, L8
100 _aHattersley Roy Au.
_9689379
245 0 _aReview of monopolies and mergers policy
260 _aLondon
_bHer Majesty stationery office London
_c1978
300 _a161p
_ccm.
942 _hX:517:Z3, L8
_cTEXL
_2CC
999 _c1144195
_d1144195